000 00406nam a22001697a 4500
003 MPLRDC
005 20220104123849.0
008 210129b ||||| |||| 00| 0 eng d
082 _a490.8 QYJY-2 v.2
100 _a不详
245 _a企业经营战略
_c
260 _a
_b雷鼓出版社
_c
300 _b
490 _a企业经营丛书
650 _a商学总论
942 _cBK
_o490.8 QYJY-2 v.2
999 _c14789
_d14779